=LDR 00000nam 2200000 4500 =001 INLIS000000000026899 =005 20130612125321 =008 ***********************************Ind** =035 ##$$0010-061300000026899 =041 ##$$a Ind =082 ##$$a R.503 =090 ##$$a R.503, Kam k =245 ##$$a Kamus sains, disusun oleh Hadiat Moedjadi...[et.al] =260 ##$$a 2004 $b Jakarta =300 ##$$a 436 hlm, 20 cm =650 ##$$a Sains-Kamus =700 ##$$a Mujadi, Hadiat =850 ##$$a NBPNMAT